000 00773nam a2200217Ia 4500
003 GCL
008 140319s9999 xx 000 0 ara d
020 _a9229301977
040 _aGCL /
_cGCL
082 0 4 _a001.5544
_bم ك
100 1 _aمحمود سرى طه
245 1 0 _aالكمبيوتر فى مجالات الحياة /
_cمحمود سرى طه
260 _aالقاهرة :
_bالهيئة المصرية العامة للكتاب ،
_c1990
300 _a354 ص ؛
_c24 سم
490 _aالالف كتاب الثانى
_v82
650 0 4 _aالحاسبات الالكترونية
650 0 4 _aقواعد البيانات
650 0 4 _aانواع نظم الحاسبات
650 0 4 _aبرامج الحاسبات الالكترونية
942 _2ddc
_cBK
999 _c29188
_d29188